Moravská lidová keramika
Saved in:
| Main Author: | |
|---|---|
| Format: | Book |
| Language: | Czech |
| Published: |
Praha :
Otto,
1941
|
| Edition: | 1. vyd. |
| Subjects: | |
| Tags: |
No Tags, Be the first to tag this record!
|
MARC
| LEADER | 00000nam a22000003a 4500 | ||
|---|---|---|---|
| 001 | stu10631 | ||
| 005 | 20150617225805.0 | ||
| 008 | 941020s1941----cs------------------cze-d | ||
| 040 | |a STU |b slo | ||
| 041 | 0 | |a cze | |
| 044 | |a cs | ||
| 100 | 1 | |a Černohorský, Karel |4 aut | |
| 245 | 1 | |a Moravská lidová keramika | |
| 250 | |a 1. vyd. | ||
| 260 | |a Praha : |b Otto, |c 1941 | ||
| 300 | |a 284 s | ||
| 650 | 7 | |a keramika |2 stusub | |
| 650 | 7 | |a úžitkové umenie |2 stusub | |
| 650 | 7 | |a remeslá |2 stusub | |
| 996 | |b 284AU00694 |c A*2111 U |l AAKNAR |s A |a 24 |w stu10631_0001 | ||